01099nam a2200253 a 450000100060000000300080000600500170001400800410003103500190007204000350009104100080012608200310013410000210016524502120018626000820039830000380048050200860051850400340060465000380063865000430067670000400071970000420075970000440080179404BD-RjUL20220727150406.0220216s2015 bg a|||| m||| 00| 0 eng d a(BD-RjUL)79404 aBD-RjULbengcBD-RjULdBD-RjUL aeng a616.12307543bBHD 2015223 aBhaduri, Joydeep aDuplex Ultrasonographic Studies on Peripheral Arteries in Patients having Coronary Artery Disease /cBy Joydeep Bhaduri ;6Supervisors: K. A. M. S. H. Mondal, Quazi Tarikul Islam [and] Md. Rais Uddin Mondol aRajshahi : bInstitute of Biological Sciences, University of Rajshahi, c2015 axvi, 207 Leaves :bill. ;c30 cm. aThesis (Ph. D.) -- Institute of Biological Sciences, University of Rajshahi, 2015 aReferences : Leaves 166 - 195 aCoronary heart diseasexDiagnosis aDuplex ultrasonographyxDiagnostic use aMondal, K. A. M. S. H., Supervisor  aIslam, Quazi Tarikul, Jt. Supervisor  aMondol, Md. Rais Uddin, Jt. Supervisor